|
|
|
|
| LEADER |
01255nam a22003252a 4500 |
| 001 |
000332877 |
| 003 |
CZ BrMZK |
| 005 |
20130924092030.0 |
| 007 |
ta |
| 008 |
980107s1967 xr f rus d |
| 015 |
|
|
|a cnb000423230
|
| 035 |
|
|
|a (OCoLC)42151490
|
| 040 |
|
|
|a ABA001
|b cze
|c PNA001
|d ABA001
|d BOA001
|
| 041 |
1 |
|
|a rus
|a cze
|
| 080 |
9 |
|
|a 808.2:801.561.7:801.561.721.38(021)=82
|
| 100 |
1 |
|
|a Kubík, Miloslav,
|d 1926-1983
|7 jk01070408
|4 aut
|
| 245 |
1 |
0 |
|a Uslovnyje konstrukcii i sistema složnogo predloženija /
|c Miloslav Kubík
|
| 250 |
|
|
|a 1. vyd.
|
| 260 |
|
|
|a Praha :
|b Univerzita Karlova,
|c 1967
|
| 300 |
|
|
|a 229 s. ;
|c 8°
|
| 490 |
1 |
|
|a Sborník Pedagogické fakulty University Karlovy. Philologica ;
|v 1967
|
| 500 |
|
|
|a Přeloženo z češtiny
|
| 500 |
|
|
|a 500 výt.
|
| 504 |
|
|
|a Obsahuje bibliografii a bibliografické odkazy
|
| 765 |
0 |
|
|t Věty podmínkové a systém ruského souvětí
|9 Rusky
|
| 810 |
2 |
|
|a Univerzita Karlova.
|b Pedagogická fakulta.
|t Sborníky.
|p Philologica
|
| 910 |
|
|
|a BOA001
|b 2-0596.158
|b PK-0049.491
|
| 990 |
|
|
|a BK
|
| 996 |
7 |
|
|b 2619010980
|c 2-0596.158
|l HP2
|r DEN
|n 0
|w 000332877
|u 000020
|a 1
|e BOA001
|j MZK50
|s A
|
| 996 |
7 |
|
|b 3119802363
|c PK-0049.491
|l MZK
|r Sklad / do 1 hodiny
|n 0
|w 000332877
|u 000010
|a 1
|e BOA001
|j MZK50
|s A
|